000 00563nam a22001937a 4500
003 OSt
005 20220215225122.0
007 ta
008 220113b |||||||| |||| 00| 0 sp d
040 _aCUSACQ
_cCUSACQ
_dCUSACQ
041 _aspa
082 _aD.L.(USAC) 378.7281 R288
100 _aTate Lanning, John
245 _aReales Cédulas de la Real y Pontificia Universidad de San Carlos de Guatemala. /
_cTate Lanning, John
260 _aGuatemala:
_bUSAC,
_cc1954.
300 _a375 p.;
_bil.;
_c35 cm.
650 _aPontificia - USAC
_9239
942 _2ddc
_cBK
_n0
999 _c147
_d147